[Event "American Continental 18th"]
[Site "Medellin"]
[Date "2024.05.25"]
[Round "2"]
[White "Markzon, Gregory"]
[Black "Munoz Triana, Joseph Steve"]
[Result "1/2-1/2"]
[WhiteElo "2002"]
[BlackElo "2362"]
[PlyCount "70"]
[EventDate "2024.05.24"]
[EventType "swiss"]
[EventRounds "11"]
[EventCountry "COL"]
[SourceTitle "CBM 220 Extra"]
[Source "ChessBase"]
[SourceDate "2024.07.31"]
[SourceVersion "1"]
[SourceVersionDate "2024.07.31"]
[SourceQuality "1"]

1. c4 Nf6 2. Nf3 c5 3. g3 d5 4. cxd5 Nxd5 5. Bg2 Nc6 6. d4 Nf6 7. 0-0 cxd4 8. Qa4 Qd7 9. Rd1 e5 10. e3 d3 11. Nc3 Be7 12. e4 0-0 13. Bg5 Rd8 14. Bxf6 Bxf6 15. Nd5 Ne7 16. Qb3 Nxd5 17. Rxd3 Qc7 18. Rxd5 Be6 19. Rxd8+ Rxd8 20. Qa4 Qb6 21. Qa3 Rc8 22. Ne1 Rd8 23. Nf3 g5 24. Qc3 g4 25. Nh4 Bxh4 26. gxh4 Qd4 27. Qc1 Qd2 28. Qc7 Qd6 29. Qxb7 Rb8 30. Qxa7 Rxb2 31. a4 Qb4 32. Qe3 Rb1+ 33. Rxb1 Qxb1+ 34. Bf1 Bc4 35. Qg5+ Kf8 1/2-1/2

[Event "Guillermo Garcia Memorial-A"]
[Site "Santa Clara"]
[Date "2024.05.14"]
[Round "1"]
[White "Munoz Triana, Joseph Steve"]
[Black "Aguero Jimenez, Luis Lazaro"]
[Result "0-1"]
[WhiteElo "2362"]
[BlackElo "2474"]
[PlyCount "86"]
[EventDate "2024.05.14"]
[EventType "tourn"]
[EventRounds "9"]
[EventCountry "CUB"]
[EventCategory "6"]
[SourceTitle "CBM 220 Extra"]
[Source "ChessBase"]
[SourceDate "2024.07.31"]
[SourceVersion "1"]
[SourceVersionDate "2024.07.31"]
[SourceQuality "1"]

1. e4 c5 2. Nf3 e6 3. d4 cxd4 4. Nxd4 Nf6 5. Nc3 Nc6 6. Nxc6 bxc6 7. e5 Nd5 8. Ne4 Qc7 9. f4 Qb6 10. c4 Bb4+ 11. Ke2 f5 12. Nd6+ Bxd6 13. cxd5 Bc5 14. dxe6 d6 15. Qb3 Qxb3 16. axb3 Bxe6 17. exd6 Bxb3 18. Ra5 Bxd6 19. Rxf5 Be6 20. Ra5 0-0 21. Kf3 Bd5+ 22. Kg4 Rf6 23. Ra4 Rg6+ 24. Kh3 Be6+ 25. f5 Bxf5+ 26. g4 Rxg4 27. Rxg4 h5 28. Kh4 hxg4 29. Bg2 Kf7 30. Kg5 g6 31. h4 gxh3 32. Bxc6 Rh8 33. Bd5+ Kg7 34. Bf3 h2 35. Bd2 Rh3 36. Bc3+ Kf7 37. Bd5+ Be6 38. Rf1+ Ke7 39. Bc6 Rg3+ 40. Kh6 Rg1 41. Bf6+ Kf7 42. Rf2 Bf5 43. Bh4 h1Q 0-1

[Event "Cali Olympiad Qual"]
[Site "Cali"]
[Date "2024.04.21"]
[Round "10"]
[White "Hernandez Montes, Jhon Sebastian"]
[Black "Munoz Triana, Joseph Steve"]
[Result "1/2-1/2"]
[WhiteElo "2311"]
[BlackElo "2193"]
[PlyCount "120"]
[EventDate "2024.04.16"]
[EventType "tourn"]
[EventRounds "11"]
[EventCountry "COL"]
[EventCategory "4"]
[SourceTitle "CBM 220 Extra"]
[Source "ChessBase"]
[SourceDate "2024.07.31"]
[SourceVersion "1"]
[SourceVersionDate "2024.07.31"]
[SourceQuality "1"]

1. d4 Nf6 2. c4 e6 3. Nf3 d5 4. g3 Bb4+ 5. Bd2 Be7 6. Bg2 c6 7. 0-0 0-0 8. Qc2 b6 9. Rd1 Nbd7 10. Be1 a5 11. Nbd2 Bb7 12. e4 c5 13. e5 Ne8 14. dxc5 bxc5 15. Nb1 d4 16. Ng5 Bxg5 17. Bxb7 Rb8 18. Bg2 Bh6 19. Qe2 Qc7 20. f4 f6 21. exf6 Nexf6 22. Na3 Rbe8 23. Nb5 Qb6 24. Qd2 e5 25. Qxa5 Qxa5 26. Bxa5 exf4 27. Bc7 fxg3 28. Bxg3 Ng4 29. Bd5+ Kh8 30. Nd6 Re2 31. Rf1 Be3+ 32. Kh1 Rxf1+ 33. Rxf1 h5 34. h3 h4 35. Nf7+ Kh7 36. Bd6 Nf2+ 37. Kg2 Rxb2 38. Kf3 Nf6 39. Be6 g6 40. Bf4 N2e4 41. Bxe3 dxe3 42. Kxe3 Rxa2 43. Rb1 Ra7 44. Kf4 Kg7 45. Ne5 Re7 46. Rb6 Nc3 47. Nd3 Ne2+ 48. Ke3 Nd7 49. Rd6 Nf8 50. Nxc5 Nxe6 51. Nxe6+ Kf6 52. Kxe2 Rxe6+ 53. Rxe6+ Kxe6 54. Kf3 Kf5 55. c5 g5 56. c6 Ke6 57. Kg4 Kd6 58. Kxg5 Kxc6 59. Kxh4 Kd6 60. Kg5 Ke7 1/2-1/2

[Event "Cali Olympiad Qual"]
[Site "Cali"]
[Date "2024.04.20"]
[Round "9"]
[White "Lopez Rayo, Santiago"]
[Black "Munoz Triana, Joseph Steve"]
[Result "0-1"]
[WhiteElo "2327"]
[BlackElo "2193"]
[PlyCount "84"]
[EventDate "2024.04.16"]
[EventType "tourn"]
[EventRounds "11"]
[EventCountry "COL"]
[EventCategory "4"]
[SourceTitle "CBM 220 Extra"]
[Source "ChessBase"]
[SourceDate "2024.07.31"]
[SourceVersion "1"]
[SourceVersionDate "2024.07.31"]
[SourceQuality "1"]

1. e4 c5 2. Nf3 Nc6 3. d4 cxd4 4. Nxd4 e5 5. Nb5 a6 6. Nd6+ Bxd6 7. Qxd6 Qe7 8. Qxe7+ Ngxe7 9. c4 d6 10. Nc3 Nb4 11. Kd1 Be6 12. Bd2 f5 13. Nd5 Nbxd5 14. cxd5 Bf7 15. exf5 Bxd5 16. f3 Nxf5 17. Bd3 Nd4 18. Re1 0-0 19. Be3 Ne6 20. Kd2 Rac8 21. b3 g5 22. Rac1 Bc6 23. Bb6 Kg7 24. Bf1 Bb5 25. Be3 Rxc1 26. Rxc1 Bxf1 27. Rxf1 Rc8 28. Kd3 d5 29. Bd2 Kf6 30. h4 Nf4+ 31. Bxf4 gxf4 32. Re1 Kf5 33. Rf1 Rc6 34. Re1 b5 35. Rf1 b4 36. Re1 Rc3+ 37. Kd2 e4 38. fxe4+ dxe4 39. Rf1 e3+ 40. Ke2 Ke4 41. Rd1 Rc2+ 42. Ke1 Rxg2 0-1

[Event "Cali Olympiad Qual"]
[Site "Cali"]
[Date "2024.04.20"]
[Round "8"]
[White "Munoz Triana, Joseph Steve"]
[Black "Avila Pavas, Santiago"]
[Result "0-1"]
[WhiteElo "2193"]
[BlackElo "2500"]
[PlyCount "112"]
[EventDate "2024.04.16"]
[EventType "tourn"]
[EventRounds "11"]
[EventCountry "COL"]
[EventCategory "4"]
[SourceTitle "CBM 220 Extra"]
[Source "ChessBase"]
[SourceDate "2024.07.31"]
[SourceVersion "1"]
[SourceVersionDate "2024.07.31"]
[SourceQuality "1"]

1. e4 c5 2. Nf3 g6 3. c4 Nc6 4. d4 cxd4 5. Nxd4 Bg7 6. Be3 Nf6 7. Nc3 0-0 8. Be2 d6 9. 0-0 Bd7 10. h3 Nxd4 11. Bxd4 Bc6 12. Qc2 a5 13. b3 Nd7 14. Bxg7 Kxg7 15. Rad1 Qb6 16. Qb1 Nc5 17. Kh1 Qb4 18. Qa1 f6 19. Qc1 a4 20. bxa4 Nxa4 21. Nd5 Bxd5 22. exd5 Qc3 23. Qf4 Nc5 24. Qd2 Qxd2 25. Rxd2 Ra3 26. Re1 Rfa8 27. Bd1 Rxa2 28. Rxe7+ Kf8 29. Ree2 Ra1 30. Kh2 Rc1 31. Rd4 Raa1 32. Bc2 Ra2 33. Rdd2 Rb2 34. Kg3 Rb4 35. Rd4 b5 36. Rh4 Rxc4 37. Rxh7 R1xc2 38. Ree7 Ne4+ 39. Kh2 Ng5 40. Rhg7 Rxf2 41. h4 Rxh4+ 42. Kg3 Re4 43. Rb7 Ree2 44. Kh4 Re4+ 45. Kg3 Rfe2 46. Rxg6 Re7 47. Rb8+ Re8 48. Rb7 R2e7 49. Rxb5 Kf7 50. Rh6 Kg7 51. Rh4 Re4 52. Rh1 Re3+ 53. Kf4 Kg6 54. Rb4 R8e4+ 55. Rxe4 Rxe4+ 56. Kg3 Rd4 0-1

[Event "Cali Olympiad Qual"]
[Site "Cali"]
[Date "2024.04.19"]
[Round "7"]
[White "Florez Salazar, Luis Angel"]
[Black "Munoz Triana, Joseph Steve"]
[Result "1-0"]
[WhiteElo "2171"]
[BlackElo "2193"]
[PlyCount "143"]
[EventDate "2024.04.16"]
[EventType "tourn"]
[EventRounds "11"]
[EventCountry "COL"]
[EventCategory "4"]
[SourceTitle "CBM 220 Extra"]
[Source "ChessBase"]
[SourceDate "2024.07.31"]
[SourceVersion "1"]
[SourceVersionDate "2024.07.31"]
[SourceQuality "1"]

1. d4 Nf6 2. Bg5 c5 3. d5 g6 4. Nc3 d6 5. e4 Bg7 6. Be2 h6 7. Be3 Qa5 8. Bd2 g5 9. Nf3 Nbd7 10. 0-0 0-0 11. Qc1 Nh7 12. Bd3 a6 13. Ne2 Qc7 14. c4 b5 15. cxb5 c4 16. Bxc4 axb5 17. Bxb5 Qxc1 18. Bxc1 Nc5 19. Nfd4 Nxe4 20. Nc6 Re8 21. a4 Nhf6 22. Rd1 Ba6 23. Ra3 Nc5 24. Nc3 Nfe4 25. Nxe4 Nxe4 26. Re1 Nf6 27. Nxe7+ Rxe7 28. Rxe7 Bxb5 29. axb5 Rc8 30. Re1 Nxd5 31. Rd3 Nb4 32. Rxd6 Rb8 33. b6 Bf8 34. Rd7 Rxb6 35. Be3 Rb5 36. Rd8 Nc6 37. Rc8 Ne7 38. Rc2 Bg7 39. b4 Ng6 40. Rc8+ Kh7 41. Bc5 Ne5 42. Rd1 Rb7 43. Kf1 Kg6 44. Bd6 Ra7 45. Bxe5 Bxe5 46. Rc2 Rb7 47. Rd5 f6 48. b5 Kf5 49. Rc6 Ke4 50. Rdc5 Bd4 51. Re6+ Kd3 52. Rf5 Ra7 53. g4 h5 54. gxh5 Rh7 55. b6 Rxh5 56. b7 Rh8 57. Rc6 Ke4 58. Rc8 Rh6 59. b8Q Kxf5 60. Rh8 Rxh8 61. Qxh8 Be5 62. Ke2 Kg6 63. Qe8+ Kf5 64. h3 Kf4 65. Qe6 Bd4 66. Qg4+ Ke5 67. Kd3 Bc5 68. Qe4+ Kd6 69. f4 gxf4 70. Qxf4+ Ke6 71. Qe4+ Kf7 72. Qc4+ 1-0

[Event "COL-ch sf"]
[Site "Pereira"]
[Date "2024.03.30"]
[Round "8"]
[White "Cardoso Cardoso, Jose Gabriel"]
[Black "Munoz Triana, Joseph Steve"]
[Result "1-0"]
[WhiteElo "2488"]
[BlackElo "2118"]
[PlyCount "63"]
[EventDate "2024.03.26"]
[EventType "swiss"]
[EventRounds "11"]
[EventCountry "COL"]
[SourceTitle "CBM 219 Extra"]
[Source "ChessBase"]
[SourceDate "2024.05.31"]
[SourceVersion "1"]
[SourceVersionDate "2024.05.31"]
[SourceQuality "1"]

1. d4 Nf6 2. c4 g6 3. Nc3 Bg7 4. e4 0-0 5. Nf3 d6 6. h3 e5 7. d5 Nbd7 8. Be3 Nc5 9. Nd2 a5 10. g4 Bd7 11. Be2 h6 12. h4 Bxg4 13. Bxg4 Nd3+ 14. Ke2 Nxb2 15. Qg1 Nxg4 16. Qxg4 f5 17. Qxg6 Rf6 18. Qg1 f4 19. Rb1 fxe3 20. fxe3 Nxc4 21. Nxc4 b6 22. Qg4 Qe7 23. Rbf1 Raf8 24. Rxf6 Qxf6 25. Qe6+ Kh7 26. Qxf6 Bxf6 27. Nb5 Rf7 28. h5 Kg7 29. Nd2 Rd7 30. Rg1+ Bg5 31. Nf3 Kf6 32. Rc1 1-0

[Event "COL-ch sf"]
[Site "Pereira"]
[Date "2024.03.30"]
[Round "9"]
[White "Munoz Triana, Joseph Steve"]
[Black "Campos Gomez, Manuel"]
[Result "1/2-1/2"]
[WhiteElo "2118"]
[BlackElo "2281"]
[PlyCount "174"]
[EventDate "2024.03.26"]
[EventType "swiss"]
[EventRounds "11"]
[EventCountry "COL"]
[SourceTitle "CBM 219 Extra"]
[Source "ChessBase"]
[SourceDate "2024.05.31"]
[SourceVersion "1"]
[SourceVersionDate "2024.05.31"]
[SourceQuality "1"]

1. e4 c5 2. Nf3 Nc6 3. d4 cxd4 4. Nxd4 g6 5. c4 Nf6 6. Nc3 Nxd4 7. Qxd4 d6 8. Be2 Bg7 9. Be3 0-0 10. Qd2 Be6 11. f3 a5 12. 0-0 a4 13. b4 axb3 14. axb3 Nd7 15. Rxa8 Qxa8 16. Nb5 Rc8 17. g4 Nc5 18. Bd1 Bd7 19. Nc3 Qa5 20. Nd5 Qxd2 21. Bxd2 Bd4+ 22. Kg2 Ra8 23. Bf4 Ra2+ 24. Kg3 Kf8 25. Nb4 Ra8 26. Bh6+ Ke8 27. Bc2 Be6 28. Rd1 Bc3 29. Bd2 Bxd2 30. Rxd2 Ra3 31. Nd5 Bxd5 32. exd5 Ra2 33. Rf2 Na6 34. Bd1 Ra1 35. Rd2 Nb4 36. Kf4 Kf8 37. Ke3 Kg7 38. g5 h6 39. h4 Rc1 40. Rd4 hxg5 41. hxg5 Ra1 42. Kd2 Ra8 43. Kc3 Na2+ 44. Kb2 Nb4 45. Kc3 Na6 46. Re4 Kf8 47. Rh4 Kg7 48. Re4 Kf8 49. Bc2 Nc5 50. Re1 Nd7 51. f4 Ra7 52. Kb2 Ra8 53. Kc3 Ra7 54. Rf1 Kg7 55. Re1 Kf8 56. Kb2 Ra8 57. b4 Nb6 58. Bb3 Nd7 59. Rc1 b6 60. Bd1 Kg7 61. Bg4 Nf8 62. Re1 Ra7 63. Re3 f6 64. Ra3 Rc7 65. gxf6+ Kxf6 66. Kb3 g5 67. fxg5+ Kxg5 68. Be2 Kf4 69. Ra6 Nd7 70. Ka4 Ke3 71. Bf1 Kf2 72. Bh3 Ne5 73. Rxb6 Nxc4 74. Rc6 Ra7+ 75. Kb5 Ne5 76. Kb6 Ra3 77. Be6 Ke3 78. b5 Kd4 79. Kb7 Nd3 80. b6 Nc5+ 81. Kc7 Rb3 82. Kd8 Na4 83. Kxe7 Nxb6 84. Rxd6 Rb5 85. Bg8 Nc8+ 86. Kd7 Nxd6 87. Kxd6 Rxd5+ 1/2-1/2

[Event "COL-ch sf"]
[Site "Pereira"]
[Date "2024.03.27"]
[Round "3"]
[White "Munoz Triana, Joseph Steve"]
[Black "Tobon Velasquez, Sebastian"]
[Result "1-0"]
[WhiteElo "2118"]
[BlackElo "1876"]
[PlyCount "97"]
[EventDate "2024.03.26"]
[EventType "swiss"]
[EventRounds "11"]
[EventCountry "COL"]
[SourceTitle "CBM 219 Extra"]
[Source "ChessBase"]
[SourceDate "2024.05.31"]
[SourceVersion "1"]
[SourceVersionDate "2024.05.31"]
[SourceQuality "1"]

1. e4 c5 2. Nf3 Nc6 3. d4 cxd4 4. Nxd4 Nf6 5. Nc3 d6 6. a4 e5 7. Ndb5 a6 8. Na3 Be6 9. Bc4 Be7 10. Be3 0-0 11. 0-0 Rc8 12. Qe2 Na5 13. Bd5 Qc7 14. Rfd1 Rfd8 15. f3 Nxd5 16. Nxd5 Bxd5 17. Rxd5 Nc4 18. c3 Nxa3 19. Rxa3 Rf8 20. Qd3 Qc6 21. a5 Rfd8 22. Rb3 f6 23. Rb6 Qc7 24. Qc2 Rd7 25. Qb3 Kh8 26. Rb4 h6 27. Kf2 Bf8 28. Bb6 Qc6 29. Ke3 Kh7 30. Kd3 Be7 31. Qc2 Bf8 32. Qb3 Be7 33. g3 Bf8 34. h4 Re7 35. Rc4 Qxc4+ 36. Qxc4 Rxc4 37. Kxc4 Rd7 38. Rd1 Kg8 39. Kd5 Kf7 40. b4 h5 41. c4 Be7 42. b5 g5 43. Rh1 g4 44. fxg4 hxg4 45. h5 Bd8 46. h6 Bxb6 47. h7 Rd8 48. axb6 Rh8 49. bxa6 1-0